000
00312nam a22001457a 4500
008
230508b ||||| |||| 00| 0 eng d
020
_a
9781884718038
041
_a
eng
080
_a
7
082
_a
7LEV
100
_a
19
101
_a
ART
245
_a
THE ART HISTORY OF BOOKS
_c
LEVARIE.N
942
_2
udc
_c
BK
999
_c
59664
_d
59664